Fresh & easy family meals. (Record no. 1838)
[ view plain ]
| 000 -LEADER | |
|---|---|
| fixed length control field | 02054cam a22004937i 4500 |
| 001 - CONTROL NUMBER | |
| control field | data |
| 005 - DATE AND TIME OF LATEST TRANSACTION | |
| control field | 20260322212120.0 |
| 006 - FIXED-LENGTH DATA ELEMENTS--ADDITIONAL MATERIAL CHARACTERISTICS | |
| fixed length control field | data |
| 007 - PHYSICAL DESCRIPTION FIXED FIELD--GENERAL INFORMATION | |
| fixed length control field | data |
| 008 - FIXED-LENGTH DATA ELEMENTS--GENERAL INFORMATION | |
| fixed length control field | data |
| 035 ## - SYSTEM CONTROL NUMBER | |
| System control number | 22879579 |
| 010 ## - LIBRARY OF CONGRESS CONTROL NUMBER | |
| LC control number | 2021763343 |
| 020 ## - INTERNATIONAL STANDARD BOOK NUMBER | |
| International Standard Book Number | 9781620931837 |
| Qualifying information | electronic bk. |
| 020 ## - INTERNATIONAL STANDARD BOOK NUMBER | |
| International Standard Book Number | 1620931834 |
| Qualifying information | electronic bk. |
| 020 ## - INTERNATIONAL STANDARD BOOK NUMBER | |
| Canceled/invalid ISBN | 9781620931806 |
| 035 ## - SYSTEM CONTROL NUMBER | |
| System control number | (OCoLC)916446484 |
| 037 ## - SOURCE OF ACQUISITION | |
| Stock number | D26CE556-7308-424F-9864-269F55FA9ADC |
| Source of stock number/acquisition | OverDrive, Inc. |
| Note | http://www.overdrive.com |
| 040 ## - CATALOGING SOURCE | |
| Original cataloging agency | N$T |
| Language of cataloging | eng |
| Description conventions | pn |
| -- | pn |
| Transcribing agency | N$T |
| Modifying agency | DLC |
| -- | TEFOD |
| -- | IDEBK |
| -- | YDXCP |
| -- | OCLCF |
| -- | TEFOD |
| -- | EBLCP |
| -- | GRR |
| -- | OCLCQ |
| -- | HCO |
| -- | OCLCA |
| -- | UKAHL |
| -- | OCLCQ |
| -- | SHC |
| -- | NZAUC |
| -- | DLC |
| 042 ## - AUTHENTICATION CODE | |
| Authentication code | lccopycat |
| 050 00 - LIBRARY OF CONGRESS CALL NUMBER | |
| Classification number | TX714 |
| 072 #7 - SUBJECT CATEGORY CODE | |
| Subject category code | CKB |
| Subject category code subdivision | 000000 |
| Source | bisacsh |
| 082 04 - DEWEY DECIMAL CLASSIFICATION NUMBER | |
| Classification number | 641.5 |
| Edition information | 23 |
| 245 00 - TITLE STATEMENT | |
| Title | Fresh & easy family meals. |
| 246 3# - VARYING FORM OF TITLE | |
| Title proper/short title | Fresh and easy family meals |
| 264 #1 - PRODUCTION, PUBLICATION, DISTRIBUTION, MANUFACTURE, AND COPYRIGHT NOTICE | |
| Place of production, publication, distribution, manufacture | Guiford, CT : |
| Name of producer, publisher, distributor, manufacturer | Gooseberry Patch, an imprint of Globe Peqout, |
| Date of production, publication, distribution, manufacture, or copyright notice | [2015] |
| 264 #4 - PRODUCTION, PUBLICATION, DISTRIBUTION, MANUFACTURE, AND COPYRIGHT NOTICE | |
| Date of production, publication, distribution, manufacture, or copyright notice | ©2015 |
| 300 ## - PHYSICAL DESCRIPTION | |
| Extent | 1 online resource : |
| Other physical details | illustrations |
| 336 ## - CONTENT TYPE | |
| Content type term | text |
| Content type code | txt |
| Source | rdacontent |
| 337 ## - MEDIA TYPE | |
| Media type term | computer |
| Media type code | c |
| Source | rdamedia |
| 338 ## - CARRIER TYPE | |
| Carrier type term | online resource |
| Carrier type code | cr |
| Source | rdacarrier |
| 500 ## - GENERAL NOTE | |
| General note | Includes index. |
| 505 0# - FORMATTED CONTENTS NOTE | |
| Formatted contents note | Front Cover; Testimonials; Welcome Letter; Title Page; Copyright; Table of Contents; Dedication & Appreciation; Chapter 1; Chapter 2; Chapter 3; Chapter 4; Chapter 5; Chapter 6; Index; Send Us Your Favorite Recipe; More Books You Might Enjoy; U.S. to Metric Equivalents; Our Story |
| 588 0# - SOURCE OF DESCRIPTION NOTE | |
| Source of description note | Online resource; title from PDF title page (EBSCO, viewed August 10, 2015). |
| 650 #0 - SUBJECT ADDED ENTRY--TOPICAL TERM | |
| Topical term or geographic name entry element | Cooking. |
| 650 #7 - SUBJECT ADDED ENTRY--TOPICAL TERM | |
| Topical term or geographic name entry element | COOKING / General |
| Source of heading or term | bisacsh |
| 650 #7 - SUBJECT ADDED ENTRY--TOPICAL TERM | |
| Topical term or geographic name entry element | Cooking. |
| Source of heading or term | fast |
| Authority record control number or standard number | (OCoLC)fst01754966 |
| 710 2# - ADDED ENTRY--CORPORATE NAME | |
| Corporate name or jurisdiction name as entry element | Gooseberry Patch (Firm) |
| 776 08 - ADDITIONAL PHYSICAL FORM ENTRY | |
| Relationship information | Print version: |
| Title | Fresh & easy family meals. |
| Place, publisher, and date of publication | Guiford, CT : Gooseberry Patch, an imprint of Globe Peqout, [2015] |
| International Standard Book Number | 162093180X |
| Record control number | (OCoLC)904456682 |
| 906 ## - LOCAL DATA ELEMENT F, LDF (RLIN) | |
| a | 7 |
| b | cbc |
| c | copycat |
| d | 1 |
| e | ecip |
| f | 20 |
| g | y-gencatlg |
| 925 0# - | |
| -- | acquire |
| -- | ecip ebook |
| -- | policy default |
| 985 ## - | |
| -- | rowliti-oclc 2022-11-21 |
| 985 ## - | |
| -- | LC online resource |
| -- | 2022-11-21 |
| Withdrawn status | Lost status | Damaged status | Not for loan | Home library | Current library | Shelving location | Date acquired | Total checkouts | Full call number | Barcode | Date last seen | Price effective from | Koha item type |
|---|---|---|---|---|---|---|---|---|---|---|---|---|---|
| Centerville | Centerville | General stacks | 22/03/2026 | 641.5 | LOC-CPL-00006 | 22/03/2026 | 22/03/2026 | Books |